Environmental soil science /

Guardado en:
Autor Principal: Tan, Kim H. 1926-
Formato: Libro
Idioma:English
Publicado: New York : Dekker, c1994.
Series:Books in soils, plants, and the environment
Etiquetas: Agregar Etiqueta
Sin Etiquetas, Sea el primero en etiquetar este registro!
LEADER 00585cam a2200169 a 4500
001 EEA.libagro009384
005 20180621112806.0
008 940114s1994####nyua#####b####001#0#eng##
020 |a 0824791983 
082 0 0 |a 631.4 
100 1 |a Tan, Kim H.  |q (Kim Howard),  |d 1926- 
245 1 0 |a Environmental soil science /  |c Kim H. Tan. 
260 |a New York :  |b Dekker,  |c c1994. 
300 |a xiv, 304 p. :  |b il. ;  |c 24 cm. 
440 0 |a Books in soils, plants, and the environment 
504 |a Incluye referencias bibliográficas (p. 255-269) e índice. 
859 |a AR-BbBCA  |b BIB. AGRONOMIA  |h 631.4  |i T161  |p 2000/3865